000 01006nac a22003137a 4500
001 BR8900322
003 BR-BrBNA
005 20240105120918.0
008 230509b bl.|||m| |||| 00| 0 por d
040 _aBR-BrBNA
_bpor
_cBiblioteca Nacional de Agricultura
072 _aH60
090 _a1910 BR8900322
100 1 _aGonzaga, S.S.
100 1 _aGoncalves, J.O.N.
100 1 _aDeiro, A.M.G.
110 1 _aCentro Nacional de Pesquisa de Ovinos, Bage, RS (Brasil)
245 1 _aControle de plantas indesejaveis em areas de pastagem natural
246 1 _a[Weed control in areas of natural pasture]
260 3 _aBage, RS (Brasil):
_c1988.
300 _a2 p.
490 _aPesquisa em Andamento - Centro Nacional de Pesquisa de Ovinos (Brazil)
_vno. 8
_xISSN 0101-9740
650 _aPASTAGEM NATURAL
650 _aERVA DANINHA
650 _aCONTROLE FISICO
650 _aCONTROLE MECANICO
650 _aBAGE
909 _a202312
_bLúcia Elande
_c55
_dLúcia Elande
942 _2AGRIS
_n0
_cMS
999 _c282143
_d282143